JAP JI SAHIB; As I Understand It/ (Record no. 208548)

MARC details
000 -LEADER
fixed length control field 00668nam a22002057a 4500
005 - DATE AND TIME OF LATEST TRANSACTION
control field 20250116112511.0
010 ## - LCCN (DPL NO)
LC control number ENG-143483
020 ## - INTERNATIONAL STANDARD BOOK NUMBER
International Standard Book Number 9788190021111
Terms of availability 150.00
035 ## - SYSTEM CONTROL NUMBER
System control number EN-127015
037 ## - SOURCE OF ACQUISITION
Source of stock number/acquisition DBAD
082 ## - DEWEY DECIMAL CLASSIFICATION NUMBER
Classification number 821
100 ## - MAIN ENTRY--PERSONAL NAME
Personal name Harbhajan Singh
245 ## - TITLE STATEMENT
Title JAP JI SAHIB; As I Understand It/
Statement of responsibility, etc By Harbhajan Singh
250 ## - EDITION STATEMENT
Edition statement First
260 ## - PUBLICATION, DISTRIBUTION, ETC. (IMPRINT)
Place of publication, distribution, etc 51, Ring Road Lajpat Nagar III, New Delhi
Name of publisher, distributor, etc Sapra & Sapra Publishers Dist.P Ltd.
Date of publication, distribution, etc 2010
270 ## - ADDRESS
Address 51, Ring Road Lajpat Nagar III, New Delhi
City New Delhi
Postal code 110024
300 ## - PHYSICAL DESCRIPTION
Extent XI,32p.
Dimensions 19cm(pb)
Accompanying material Audio CD
600 ## - SUBJECT ADDED ENTRY--PERSONAL NAME
Personal name Harbhajan Singh
942 ## - ADDED ENTRY ELEMENTS (KOHA)
Source of classification or shelving scheme Dewey Decimal Classification
Item type English Books
Call number suffix Har
Classification part 821
Holdings
Withdrawn status Lost status Not for loan Collection code Home library Current library Date acquired Source of acquisition Cost, normal purchase price Full call number Barcode Copy number Cost, replacement price Koha item type
      Non-fiction Central Library Central Library 16/01/2025 DABD 150.00 HAR 821 EN-127015 1 150.00 English Books

© Delhi Public Library
Hit Counter
free hit counter